Odborné texty z jazyka anglického pre poslucháčov vedy o výtvarnom umení, etnografie a folkloristiky, archeológie a hudobnej vedy učebný text pre internú potrebu študentov Filozofickej fakulty UK

Bibliographic Details
Main Authors: Mokrá, Rita (Author), Smejkalová, Jana, 1929-1981 (Author)
Format: Book
Language:Slovak
English
PhysicalDescription:192 s. ilustr. 4°
Published: Bratislava Univerzita Komenského 1975
Edition:1. vyd.
Series:Vysokoškolské skriptá
Subjects:

MARC

LEADER 00000cam a2200000 a 4500
001 vtls008324751
003 SK-MaSNL
005 20260426000313.0
008 251106s1975 xo a e 000 0 slo
015 |a SNBA1975 
035 |a SK01SNK19750016968 
035 |a SKM000019431 
040 |a SNK  |b slo  |c SNK  |e AACR2 
041 0 |a slo  |a eng 
044 |a xo  |c SK 
080 |a 802.0(075.8)  |2 1981 
100 1 |a Mokrá, Rita  |4 aut  |9 45833 
245 1 0 |a Odborné texty z jazyka anglického pre poslucháčov vedy o výtvarnom umení, etnografie a folkloristiky, archeológie a hudobnej vedy  |b učebný text pre internú potrebu študentov Filozofickej fakulty UK  |c autori: Rita Mokrá, Jana Smejkalová 
250 |a 1. vyd. 
260 |a Bratislava  |b Univerzita Komenského  |c 1975 
300 |a 192 s.  |b ilustr.  |c 4° 
366 |e 150 výtl. 
490 1 |a Vysokoškolské skriptá 
504 |a Bibliogr. odkazy 
650 0 7 |a angličtina  |2 SNKPH  |9 1260 
650 0 7 |a odborné texty  |2 SNKPH  |9 63855 
655 7 |a učebnice vysokých škôl  |2 SNKPH  |9 70191 
700 1 |a Smejkalová, Jana,  |d 1929-1981  |4 aut  |9 114015 
830 0 |a Vysokoškolské skriptá  |9 276440 
958 |a OND 
958 |a RM 
958 |a NB 
999 |c 851981  |d 853911 
952 |a SNK  |b SNK  |y PREZ  |7 0  |p 17A0920554  |o snkSB 21967  |i snkKSP 2794/75  |0 0  |1 0  |4 0  |d 2014-06-03  |f 1  |l 0  |r 2025-03-26 00:00:00  |w 2026-02-24 
952 |a SNK  |b SNK  |y VYP  |7 0  |o snkSB 21967 D1  |i snkKSP 2795/75  |0 0  |1 0  |4 0  |d 2014-06-03  |l 0  |r 2026-02-24 04:44:58  |w 2026-02-24